| 000 | 00589nam a2200205Ia 4500 | ||
|---|---|---|---|
| 005 | 20250923144305.0 | ||
| 008 | 008 250917s9999 xx 000 0 eng d | ||
| 037 | _aTextual | ||
| 040 |
_aDSWL _beng _cDSWL |
||
| 041 |
_aeng _2eng |
||
| 084 |
_aX:9:43:N4, H7 _qDSWL |
||
| 100 |
_aThompson, Virginia _9823285 |
||
| 245 | 0 |
_aLabour problems in Southeast Asia _cby Virginia Thompson |
|
| 260 |
_aNew Haven _bHaven Yale Univ Press _c1947 |
||
| 300 | _a283 p. | ||
| 365 |
_aUSD _b4 |
||
| 925 | _g4 | ||
| 942 |
_cTEXL _hX:9:43:N4, H7 |
||
| 999 |
_c1437056 _d1437056 |
||